|
|
|
|
| LEADER |
01144nam a2200349 4500 |
| 001 |
DLU090096281 |
| 005 |
##20091201 |
| 040 |
# |
# |
|a DLU
|b eng
|
| 041 |
# |
# |
|a eng
|
| 044 |
# |
# |
|a us
|
| 100 |
# |
# |
|a Cheng, L. C.
|
| 245 |
# |
# |
|a Gene sequence and expression of an analog of proliferating cell nuclear antigen (PCNA) in the alga Tetraselmis chui and detection of the encoded protein with anti-rat PCNA monoclonal antibody /
|c L. C. Cheng, S. P. Hwang, J. Chang.
|
| 653 |
# |
# |
|a Antigen
|
| 653 |
# |
# |
|a Detection
|
| 653 |
# |
# |
|a Gene expression
|
| 653 |
# |
# |
|a Microorganism growth
|
| 653 |
# |
# |
|a Molecular hybridization
|
| 653 |
# |
# |
|a Monoclonal antibody
|
| 653 |
# |
# |
|a Rat
|
| 653 |
# |
# |
|a Reverse transcription
|
| 700 |
# |
# |
|a Chang, J.
|
| 700 |
# |
# |
|a Hwang, S. P.
|
| 773 |
# |
# |
|t Applied and Environmental Microbiology
|g Vol. 63, no. 10 (October 1997), p. 4010-4014
|
| 920 |
# |
# |
|a Phòng Tạp chí -- Trung tâm Thông tin - Thư viện Trường Đại học Đà Lạt
|
| 994 |
# |
# |
|a DLU
|
| 900 |
# |
# |
|a True
|
| 911 |
# |
# |
|a Trương Bảo Trâm Anh
|
| 925 |
# |
# |
|a G
|
| 926 |
# |
# |
|a A
|
| 927 |
# |
# |
|a BB
|
| 980 |
# |
# |
|a Thư viện Trường Đại học Đà Lạt
|